000 00817nam a22002057a 4500
999 _c7738
_d7738
003 AR-CdUCM
008 190321b ||||| |||| 00| 0 spa d
040 _aMUNICIPALIDAD PROVINCIAL DEL CUSCO
_cBIBLIOTECA MUNICIPAL DEL CUSCO
082 _a334. 6 /
_bA69
110 _aProvincia de Buenos Aires Ministerio de asuntos agrarios
_921866
245 _aSegundo curso de cooperativismo agrario /
260 _aBuenos Aires :
_bMinisterio de asuntos agrarios,
_c1953.
300 _a180 páginas ;
_c21 cm.
505 _aContenido : Clase inaugural -- Legislación cooperativa agraria función económica social de las cooperativas -- Cooperativismo en el segundo plan quinquenal ...
650 _aCooperativismo
_97805
650 _aAgrario
_911985
650 _aArgentina
_9511
942 _2ddc
_cLIBROS
945 _arah